00306nam a2200097Ia 4500008004100000082001700041100002200058245003500080260003500115650005800150211119s9999||||xx |||||||||||||| ||und|| a660.6bATT-I aAttwood, Teresa K 0aIntroduction to Bioinformatics bPearson EducationaDelhic1999 aTechnologyvChemical engineeringBotanyxGeneral Stack